000 00925nam a2200301 i 4500
003 DO-SdBNP
005 20260520130741.0
007 ta
008 260512b2007 dr ||||| |||| 00| 0 spa d
020 _a9789945140187
040 _aDO-SdBNP
_bspa
_cBNPHU
_erda
041 _aspa
082 4 _aRD863.44
_bG216b
_222
100 1 _aGarcía Cartagena, Manuel,
_eautor
_4aut.
_912067
245 1 0 _aBacá :
_bnovela /
_cManuel García-Cartagena
250 _aprimera edición
264 1 _aSanto Domingo :
_bEditora Corripio,
_c2007.
300 _a102 páginas ;
_c22 cm.
336 _atexto
_btxt
_2rdacontent
337 _asin mediación
_bn
_2rdamedia
338 _avolumen
_bnc
_2rdacarrier
500 _aIncluye datos biográficos del autor en las solapas
590 _aInventariado, 2026/BT
650 7 _aNovela dominicana
_2LEMB
_9223
650 7 _aLiteratura dominicana
_2LEMB
910 _aBtavárez
942 _2ddc
_cLBS1
999 _c60719
_d60719